| 000 | 00585nam a2200157Ia 4500 | ||
|---|---|---|---|
| 008 | 240126s9999 xx 000 0 und d | ||
| 022 | _a4421-1110 | ||
| 041 | _aEnglish | ||
| 082 | _aLIBRARY-XXI | ||
| 245 | 0 | _aIndian Journal of Wireless Communication and Simulation (2012 - | |
| 260 |
_bGlobal Research Publications _aNew Delhi |
||
| 440 | _aNULL | ||
| 650 | _aElectronics, Computer Science, Information science, Computer Applications | ||
| 650 | _aWireless,Communication,Simulation,(2012, -,Electronics,Computer Science,Information science,Computer Applications | ||
| 942 | _cJN | ||
| 999 |
_c273474 _d273474 |
||